| 000 | 00577nam a2200205Ia 4500 | ||
|---|---|---|---|
| 003 | GCL | ||
| 008 | 140319s9999 xx 000 0 ara d | ||
| 040 |
_aGCL / _cGCL |
||
| 082 | 0 | 4 |
_aط _b028.8 _bن ا |
| 100 | 1 | _aنادية كيلانى | |
| 245 | 1 | 0 |
_aاسمك حل الفزورة / _cنادية كيلانى |
| 300 | _aمتعدد | ||
| 490 |
_aسلسلة فوازيرو _v0 |
||
| 650 | 0 | 4 | _aالاطفال |
| 650 | 0 | 4 | _aالثقافة |
| 650 | 0 | 4 | _aالتثقيف الذاتى |
| 650 | 0 | 4 | _aالمعرفة |
| 650 | 0 | 4 | _aاختبارات الذكاء |
| 942 |
_2ddc _cBK |
||
| 999 |
_c50117 _d50117 |
||